000 00625nam a22002297a 4500
001 2120
005 20250513092431.0
020 _a9780531204283
040 _aFISKH
_beng
_cFISKH
_dFISKH
050 _aGV1114.9
082 _a796.815
100 _aFalk, Laine
245 _aLet's talk tae kwon do /
_cby Laine Falk
260 _aNew York :
_bScholastic,
_c2009
300 _a24 pages :
_c20 cm
505 _aH
520 _aPhotographs and simple text introduce young readers to the basic techniques of Tae Kwon Do.
521 _a510
_bLexile
521 _aH
_bRaz-Plus
650 _aMartial Art
942 _2ddc
_cBK
_n0
999 _c2120
_d2120